000 00655nam a22001937a 4500
003 OSt
005 20221209023538.0
008 221209b |||||||| |||| 00| 0 eng d
020 _a9781107691919
040 _aMMU
_beng
_cMMU
_dMMU
050 _aB 721 .C355 2014
245 _aThe Cambridge history of medieval philosophy volume II /
_cedited by Robert Pasnau ; associate editor, Christina Van Dyke.
250 _aRevised edition.
260 _aNew York :
_bcambridge university press,
_c2014.
300 _avii, 539 - 1218 p. :
500 _aIncludes bibliographical references and indexes
650 _aPhilosophy, Medieval.
942 _2lcc
_cLOAN LOAN
999 _c32452
_d32449